00789cam a22002533a 45000010005000000030006000050050017000110080041000280400015000690420007000840500007000911000030000982450089001282600029002175060030002465160020002766530025002966530050003216530032003716530022004037000041004258300028004668560041004948516PGUSA20140828083201.0050701s2005||||xxu|||||s|||||000 1 eng d aPGUSAbeng adc 4aPQ1 aZola, Émile,d1840-190214aThe Three Cities Trilogy :bLourdes, Completeh[electronic resource] /cÉmile Zola bProject Gutenberg,c2005 aPublic domain in the USA. aElectronic text aCatholics -- Fiction aChristian pilgrims and pilgrimages -- Fiction aLourdes (France) -- Fiction aClergy -- Fiction1 aVizetelly, Ernest Alfred,d1853-1922 0aProject Gutenbergv851640uhttp://www.gutenberg.org/ebooks/8516